Statistics for US States with B, F, or X

Click here to take the quiz!

General Stats

  • This quiz has been taken 233 times
  • The average score is 4 of 6

Answer Stats

Answer% Correct
Florida
91%
Texas
77%
New Mexico
72%
Alabama
55%
California
52%
Nebraska
43%

Score Distribution

Percentile by Number Answered

Percent of People with Each Score

Your Score History

You have not taken this quiz